000
00278nam a22001217a 4500
008
170220b xxu||||| |||| 00| 0 eng d
041
_a
eng
080
_2
17TH
_a
615
100
_a
5
101
_a
SHM
245
_a
HANDBOOK OF ANTIMICROBAL THERAPY
_c
ABRAMOWICZ, M
942
_2
udc
_c
BK
999
_c
5812
_d
5812